Pemantapan urus tadbir sektor awam : penyelenggara Halimah Abdul Manaf, Faizzah Dollah & Muslimin Wallang

Bibliographic Details
Other Authors: Halimah Abdul Manaf, Muslimin Wallang, Nor Faizzah Dollah
Format: Book
Published: Kedah : Sintok : UUM , 2005
Subjects:

MARC

LEADER 00000cam a2200000 7i4500
001 0000003749
005 20110509.0
020 0 0 |a 9833282172 
090 0 0 |a 351.595   |b AWAM 2005 
245 1 0 |a Pemantapan urus tadbir sektor awam :   |b penyelenggara Halimah Abdul Manaf, Faizzah Dollah & Muslimin Wallang 
260 0 0 |a Kedah : Sintok :   |b UUM ,   |c 2005 
300 |a xxi.230 p. :   |b ill. ;   |c 25cm. 
650 0 0 |a Civil service   |z Malaysia 
650 0 0 |a Malaysia---politics and goverment 
650 0 0 |a Public administration   |z Malaysia 
700 0 1 |a Halimah Abdul Manaf 
700 0 1 |a Muslimin Wallang 
700 0 1 |a Nor Faizzah Dollah 
999 |a 007144   |b Monograph   |c Open Shelf   |e Default branch